000
00298nam a2200121Ia 4500
005
20251222144736.0
008
251222s9999||||xx |||||||||||||| ||spa||
082
_a
616.85/D89
100
_a
Dongier, Maurice
245
0
_a
Neurosis y Trastornos Psicosomáticos
264
_b
Guadarrama
942
_c
LIB
999
_c
18772
_d
18772